Comportamiento de suelos limo-arcillosos ubicados en el proyecto Nueva Carretera a San Carlos, para los trabajos de corte y terraplenado
Gespeichert in:
| 1. Verfasser: | |
|---|---|
| Format: | Buch |
| Sprache: | Spanish |
| Veröffentlicht: |
[San José], Costa Rica
2014
|
| Schlagworte: | |
| Tags: |
Tag hinzufügen
Keine Tags, Fügen Sie den ersten Tag hinzu!
|
MARC
| LEADER | 00000nam a22000007a 4500 | ||
|---|---|---|---|
| 003 | 011965 | ||
| 005 | 20221231143858.0 | ||
| 008 | 150309b2014 cr ab||| |||| 00| 0 spa d | ||
| 040 | |c cru CEDI | ||
| 090 | |a TFG 7131 | ||
| 100 | |9 351 |a Bolaños Leandro, Gustavo | ||
| 245 | |a Comportamiento de suelos limo-arcillosos ubicados en el proyecto Nueva Carretera a San Carlos, para los trabajos de corte y terraplenado | ||
| 260 | |a [San José], Costa Rica |c 2014 | ||
| 500 | |a Proyecto de graduación (licenciatura en ingeniería civil)--Universidad de Costa Rica. Facultad de Ingeniería. Escuela de Ingeniería Civil | ||
| 650 | |x ANALISIS DE SUELOS |x SUELOS LIMOSOS |x SUELOS ARCILLOSOS |x COMPACTACION DE SUELOS |x HUMEDAD DE SUELOS |x ESTABILIZACION DE SUELOS |x MOVIMIENTOS DE TIERRAS |x TERRAPLEN |9 352 | ||
| 942 | |c TFG | ||
| 999 | |c 13650 |d 13650 | ||
